000 00575cam6a220021700 4500
001 zam00003415
008 951128s1957 xx eng u
035 _a(Sirsi) r20743
035 _a(MACHINE)SLC.
100 _aSchneider, P. K.
_6A82188.1
245 1 0 _aIndustrial sociology.
260 _c1957.
949 _aHD8072
_wlcc
_mMAIN
_tBOOK
_lON-SHELF
004 20743
591 _aClass code: S 910.
591 _aCourse: Industrial sociology.
591 _aSchool: S05.
591 _aLecturer: Mr. SIAME, P.K.
591 _aNumber of Students: 55.
909 _aBook
999 _c8507
_d8507